|
|
|
|
| LEADER |
01252nam a2200373 a 4500 |
| 001 |
nkc20071721733 |
| 003 |
CZ PrNK |
| 005 |
20150805102244.0 |
| 007 |
ta |
| 008 |
070529s2007 xr g 000 f cze |
| 015 |
|
|
|a cnb001721733
|
| 020 |
|
|
|a 978-80-242-1823-6
|q (váz.)
|
| 035 |
|
|
|a (OCoLC)187296628
|
| 040 |
|
|
|a OLA001
|b cze
|d BOA001
|
| 041 |
1 |
|
|a cze
|h ger
|
| 072 |
|
7 |
|a 821.112.2-3
|x Německá próza, německy psaná
|2 Konspekt
|9 25
|
| 080 |
|
|
|a 821.112.2-31
|2 MRF
|
| 080 |
|
|
|a (0:82-311.6)
|2 MRF
|
| 100 |
1 |
|
|a Peinkofer, Michael,
|d 1969-
|7 mzk2007394892
|4 aut
|
| 245 |
1 |
0 |
|a Bratrstvo run /
|c Michael Peinkofer ; [z německého originálu ... přeložila Iva Daňková]
|
| 250 |
|
|
|a Vyd. 1.
|
| 260 |
|
|
|a V Praze :
|b Knižní klub,
|c 2007
|
| 300 |
|
|
|a 573 s. ;
|c 21 cm
|
| 655 |
|
7 |
|a německé romány
|7 fd132945
|2 czenas
|
| 655 |
|
7 |
|a historické romány
|7 fd132414
|2 czenas
|
| 655 |
|
9 |
|a German fiction
|2 eczenas
|
| 655 |
|
9 |
|a historical novels
|2 eczenas
|
| 765 |
0 |
|
|t Bruderschaft der Runen
|9 Česky
|
| 910 |
2 |
|
|a BOA001
|b 2-1187.391
|
| 928 |
9 |
|
|a Euromedia Group - Knižní klub
|
| 990 |
|
|
|a BK
|
| 995 |
|
|
|a 01
|
| 991 |
|
|
|b 200706
|
| 996 |
6 |
|
|b 2610312594
|c 2-1187.391
|l MZK
|r Sklad / do 1 hodiny
|n 2
|p p.v.
|w 000852726
|u 000010
|a 1
|e BOA001
|j MZK50
|s P
|